| 000 | 00610nam a22001937a 4500 | ||
|---|---|---|---|
| 999 |
_c62282 _d62282 |
||
| 005 | 20240913123523.0 | ||
| 008 | 240913s2021 enk||||| |||| 00| 0 eng d | ||
| 020 | _a9780367758103x | ||
| 041 | _aeng | ||
| 080 | _a005+502/504 T-44 | ||
| 100 |
_aTheodore, Mary K. _923219 |
||
| 245 |
_aIntroduction to Environmental Management / _cMary K. Theodore, Louis Theodore. |
||
| 250 | _a2nd Edition. | ||
| 264 |
_aNew York. : _bCRC Press, _c2021. |
||
| 300 |
_a526 p.; _b26 cm. |
||
| 653 | _aმენეჯმენტი | ||
| 700 |
_aTheodore, Louis _eავტორი _923220 |
||
| 942 |
_2udc _cᲬᲘᲒᲜᲘ |
||